| 000 | 00866cam a22002533a 4500 | ||
|---|---|---|---|
| 001 | 15568 | ||
| 003 | PGUSA | ||
| 005 | 20140828083331.0 | ||
| 008 | 050406s2005||||xxu|||||s|||||000 e eng d | ||
| 040 |
_aPGUSA _beng |
||
| 042 | _adc | ||
| 050 | 4 | _aBF | |
| 100 | 1 |
_aTroward, T. _q(Thomas), _d1847-1916 |
|
| 245 | 1 | 4 |
_aThe Law and the Word _h[electronic resource] / _cT. Troward |
| 260 |
_bProject Gutenberg, _c2005 |
||
| 505 | 0 | _aSome facts in nature -- Some psychic experiences -- Man's place in the creative order -- The law of wholeness -- The soul of the subject -- The promises -- Death and immortality -- Transferring the burden. | |
| 506 | _aPublic domain in the USA. | ||
| 516 | _aElectronic text | ||
| 653 | _aEssays | ||
| 653 | _aNew Thought | ||
| 830 | 0 |
_aProject Gutenberg _v15568 |
|
| 856 | 4 | 0 | _uhttp://www.gutenberg.org/ebooks/15568 |
| 942 | _cEB | ||
| 999 |
_c244823 _d244823 |
||